Historia de la Virgen del Puerto, patrona de Plasencia / (Record no. 30124)

MARC details
000 -LEADER
campo de control de longitud fija 00695nam a2200181 i 4500
001 - NÚMERO DE CONTROL
campo de control 30124
003 - IDENTIFICADOR DE NÚMERO DE CONTROL
campo de control ES-MaACL
005 - FECHA Y HORA DE LA ÚLTIMA TRANSACCIÓN
campo de control 20230906154136.0
007 - CAMPO FIJO DE DESCRIPCIÓN FÍSICA--INFORMACIÓN GENERAL
campo de control de longitud fija t|
008 - DATOS DE LONGITUD FIJA--INFORMACIÓN GENERAL
campo de control de longitud fija 030123s1952 sp ||||1| spa d
100 1# - ENTRADA PRINCIPAL--NOMBRE DE PERSONA
Nombre de persona Barrio y Rufo, José María.
9 (RLIN) 26011
245 10 - MENCIÓN DEL TÍTULO
Título Historia de la Virgen del Puerto, patrona de Plasencia /
Mención de responsabilidad, etc. José María Barrio y Rufo ; edición, traducción y notas de Francisco Fernández-Serrano y Antonio Sánchez Paredes.
260 ## - PUBLICACIÓN, DISTRIBUCIÓN, ETC.
Lugar de publicación, distribución, etc. Zaragoza :
Nombre del editor, distribuidor, etc. [s.n.,
Fecha de publicación, distribución, etc. 1952] (
Fabricante Gráf. Salduva)
300 ## - DESCRIPCIÓN FÍSICA
Extensión LI, 33 p., 5 lám. ;
Dimensiones 22 cm.
700 1# - ENTRADA AGREGADA--NOMBRE PERSONAL
Nombre de persona Fernández-Serrano, Francisco.
9 (RLIN) 50094
700 1# - ENTRADA AGREGADA--NOMBRE PERSONAL
Nombre de persona Sánchez Paredes, Antonio.
9 (RLIN) 102830
852 ## - LOCALIZACIÓN
Ubicación ES-MaACL
Número de control de estantería A-10146
Sublocalización o colección R.99424
Holdings
Estatus retirado Estado de pérdida Estado de daño No para préstamo Biblioteca de origen Biblioteca actual Ubicación en estantería Fecha de adquisición Fuente de adquisición Total de préstamos Signatura topográfica completa Código de barras Visto por última vez Precio de reemplazo Tipo de ítem Koha
        Biblioteca del Ateneo de Madrid Biblioteca del Ateneo de Madrid Depósito 1 17/01/2008     A-10146 1031100 23/02/2023 23/02/2023 Libro impreso